O POSTAVENÍ FINANČNÉHO MANAŽÉRA V PODNIKU

Bibliographic Details
Main Author: Vlachynský, Karol, 1929- (Author)
Format: Article
Language:Slovak

MARC

LEADER 00000nab a2200000 a 4500
001 vtls011126563
003 SK-MaSNL
005 20260304071624.0
008 250310|2000 xo |||||||||||||||||slo|
015 |a SNBRB 
035 |a (uuid)b9b552d3-817a-4c8b-ad3b-bb34a842990e 
035 |a (urnnbn)urn:nbn:sk:snk:ar-a09f20 
035 |a urn:nbn:sk:snk-aba3ub 
040 |a SNKBUCL  |b slo  |c SNKBUCL  |e AACR2 
041 0 |a slo 
044 |a xo  |c SK 
100 1 |a Vlachynský, Karol,  |d 1929-  |4 aut  |9 253308 
245 1 0 |a O POSTAVENÍ FINANČNÉHO MANAŽÉRA V PODNIKU  |c Karol Vlachynský 
773 0 |t Finančný manažér : štvrťročník Slovenskej asociácie podnikových finančníkov  |g Roč. 1, č. 3 (2000), s. 120-121 
958 |a OND 
958 |a EUIPO 
958 |a article13 
999 |c 2761237  |d 2763167